[Event "Iberoamerican-ch 9th"]
[Site "Panama City"]
[Date "2023.11.28"]
[Round "5"]
[White "Lobo Vasquez, Antonio"]
[Black "Fabrega Van Der Laat, Jose Bernardo"]
[Result "1-0"]
[WhiteElo "1725"]
[BlackElo "1359"]
[PlyCount "58"]
[EventDate "2023.11.25"]
[EventType "swiss"]
[EventRounds "9"]
[EventCountry "PAN"]
[SourceTitle "CB49_2023"]
[SourceDate "2023.12.06"]
[SourceVersion "1"]
[SourceVersionDate "2023.12.06"]
[SourceQuality "1"]

1. c3 d5 2. d4 c6 3. Nf3 Nf6 4. h3 Bf5 5. Bf4 e6 6. e3 Nbd7 7. Bd3 Bxd3 8. Qxd3 Be7 9. Nbd2 c5 10. Rc1 Rc8 11. 0-0 c4 12. Qe2 b5 13. b4 a5 14. a3 axb4 15. axb4 Nb6 16. g4 h6 17. Kh1 Ra8 18. Ne5 g5 19. Bg3 Ra2 20. Ra1 Ne4 21. Rxa2 Nxc3 22. Qf3 f6 23. Nc6 Qd7 24. Nxe7 Qxe7 25. Ra6 Nca4 26. e4 Rf8 27. exd5 exd5 28. Qf5 Qb7 29. Re1+ Kf7 1-0

[Event "Iberoamerican-ch 9th"]
[Site "Panama City"]
[Date "2023.11.27"]
[Round "4"]
[White "Fabrega Van Der Laat, Jose Bernardo"]
[Black "Morera Campos, Yanori Maria"]
[Result "1/2-1/2"]
[WhiteElo "1359"]
[BlackElo "1886"]
[PlyCount "79"]
[EventDate "2023.11.25"]
[EventType "swiss"]
[EventRounds "9"]
[EventCountry "PAN"]
[SourceTitle "CB49_2023"]
[SourceDate "2023.12.06"]
[SourceVersion "1"]
[SourceVersionDate "2023.12.06"]
[SourceQuality "1"]

1. e4 c5 2. Nf3 e6 3. c3 Nc6 4. d4 d5 5. exd5 exd5 6. Bd3 Nf6 7. 0-0 Be7 8. dxc5 Bxc5 9. Re1+ Be7 10. h3 h6 11. Be3 0-0 12. Nd4 Nxd4 13. Bxd4 Be6 14. Bc2 Qd7 15. Nd2 a6 16. f4 Rfe8 17. Nf1 Bf5 18. Bxf5 Qxf5 19. Ne3 Qxf4 20. Bxf6 Qxf6 21. Nxd5 Bc5+ 22. Kh1 Qg6 23. Qf3 Rad8 24. Nf4 Qf5 25. Rxe8+ Rxe8 26. Rf1 Bd6 27. Nd3 Qxf3 28. Rxf3 Re2 29. Rf2 Re3 30. Rd2 Bg3 31. Kg1 Kf8 32. Kf1 h5 33. Nf2 Re6 34. Rd3 h4 35. Rd2 g6 36. Re2 Rd6 37. Re3 Rd2 38. Re2 Rd6 39. Re3 Rb6 40. b3 1/2-1/2

[Event "Panama op 4th"]
[Site "Panama City"]
[Date "2023.11.10"]
[Round "8"]
[White "Pitty Rodriguez, Lucas Antonio"]
[Black "Fabrega Van Der Laat, Jose Bernardo"]
[Result "0-1"]
[WhiteElo "1152"]
[BlackElo "1359"]
[PlyCount "104"]
[EventDate "2023.11.06"]
[EventType "swiss"]
[EventRounds "9"]
[EventCountry "PAN"]
[SourceTitle "CB46_2023"]
[SourceDate "2023.11.15"]
[SourceVersion "1"]
[SourceVersionDate "2023.11.15"]
[SourceQuality "1"]

1. e4 e5 2. Nf3 Nc6 3. Bc4 Nf6 4. d3 Bc5 5. c3 d6 6. Bg5 h6 7. Bxf6 Qxf6 8. Nbd2 0-0 9. h3 a6 10. a3 Kh8 11. Qc2 Be6 12. Bxe6 Qxe6 13. Nb3 Rfe8 14. Nxc5 dxc5 15. g4 b5 16. Rg1 Rad8 17. b4 c4 18. 0-0-0 cxd3 19. Qb2 a5 20. Kb1 axb4 21. cxb4 Qf6 22. Rg3 Qf4 23. Nd2 Qxf2 24. Rf3 Qe2 25. Rdf1 f6 26. Qc1 Nd4 27. R1f2 Nxf3 28. Rxe2 dxe2 29. Nxf3 Rd1 30. Kb2 Rxc1 31. Kxc1 Rd8 32. Kc2 Rd1 33. h4 e1N+ 34. Nxe1 Rxe1 35. h5 Rxe4 36. Kb3 Rc4 37. a4 c6 38. a5 Rd4 39. a6 Rd8 40. a7 e4 41. Kc2 e3 42. a8R Rxa8 43. Kd3 Ra4 44. Ke2 Rxb4 45. Kf3 Re4 46. Ke2 b4 47. g5 fxg5 48. Kd1 e2+ 49. Ke1 b3 50. Kf2 e1Q+ 51. Kf3 Qe2+ 52. Kg3 Re3# 0-1